Online Catalogue and eLibrary

Women in Indian Art (Record no. 3048)

MARC details
000 -LEADER
fixed length control field 00463nam a2200193Ia 4500
005 - DATE AND TIME OF LATEST TRANSACTION
control field 20240906013835.0
008 - FIXED-LENGTH DATA ELEMENTS--GENERAL INFORMATION
fixed length control field 240331s9999 xx 000 0 und d
020 ## - INTERNATIONAL STANDARD BOOK NUMBER
ISBN 8173200246
082 ## - DDC Classification
Item Number - Author Mark Bha
Class No. 700
100 ## - MAIN ENTRY--PERSONAL NAME
Personal name Bhadoura, G.S
245 #0 - TITLE STATEMENT
Title Women in Indian Art
260 ## - PUBLICATION, DISTRIBUTION, ETC.
Place of publication, distribution, etc. New Delhi
Name of publisher, distributor, etc. Agam Kala Prakashan
Date of publication, distribution, etc. 1995
300 ## - PHYSICAL DESCRIPTION
Extent (e.g. Volumes, Pages etc.) 155 p .,
650 ## - SUBJECT ADDED ENTRY--TOPICAL TERM
Topical term or geographic name entry element Women
650 ## - SUBJECT ADDED ENTRY--TOPICAL TERM
Topical term or geographic name entry element Socio-religious
650 ## - SUBJECT ADDED ENTRY--TOPICAL TERM
Topical term or geographic name entry element Sex
650 ## - SUBJECT ADDED ENTRY--TOPICAL TERM
Topical term or geographic name entry element ancient Indian Culture
942 ## - Koha item type (Biblio)
Koha item type Books in Stacks (Lending)
Holdings
Lost status Damaged status Collection code Home library Current library Shelving location Date acquired Full call number Accession Number Item type
    Lending WERC Library WERC Library Social Science Cupboard 03/31/2024 700 Bha 5024 Books in Stacks (Lending)

© WERC Library